Statistics for NBA Bubble Roster quiz 2019-2020

Click here to take the quiz!

General Stats

  • This quiz has been taken 198 times
  • The average score is 151 of 349

Answer Stats

TeamPositionPlayer% Correct
Dallas MavericksSGLuka Doncic
94%
PFKristaps Porzingis
90%
CNikola Jokic
85%
Denver NuggetsPGJamal Murray
84%
SFLeBron James
84%
PGDejounte Murray
83%
PFGrant Williams
83%
Washington WizardsPFJonathan Williams III
83%
New Orleans PelicansSGKenrich Williams
83%
SGLou Williams
83%
PFMarvin Williams
83%
PGMichael Carter-Williams
83%
CRobert Williams III
83%
PFAnthony Davis
82%
CEd Davis
82%
SFKawhi Leonard
82%
SGTerence Davis II
82%
PGDamian Lillard
80%
SFDorian Finney-Smith
80%
SGGary Harris
80%
Houston RocketsSGJames Harden
80%
SFPaul George
80%
SFJoe Harris
79%
PGRussell Westbrook
79%
SFTobias Harris
79%
PFMeyers Leonard
78%
SGDanny Green
77%
PFJaMychal Green
77%
SGJavonte Green
77%
SFJeff Green
77%
SGJustin James
77%
PGChris Paul
76%
SGC.J. McCollum
76%
SG Donovan Mitchell
76%
Milwaukee BucksPFGiannis Antetokounmpo
76%
Memphis GrizzliesPGJa Morant
76%
PFJaren Jackson Jr.
76%
SGJ.R. Smith
76%
SFZion Williamson
76%
PGDe'Aaron Fox
75%
PGFrank Jackson
75%
PGIsh Smith
75%
SFJaylen Brown
75%
SGJosh Jackson
75%
SFJustin Jackson
75%
PGReggie Jackson
75%
SGSterling Brown
75%
SFTroy Brown Jr.
75%
PGBen Simmons
74%
SGDevin Booker
74%
PFDwight Powell
74%
PGJaylen Adams
74%
SFNorman Powell
74%
CRudy Gobert
74%
CSteven Adams
74%
SGTim Hardaway Jr.
74%
PGDerrick White
73%
CDwight Howard
73%
SFJimmy Butler
73%
PGKemba Walker
73%
SGLonnie Walker IV
73%
PFMarcus Morris Sr.
73%
PFMarkieff Morris
73%
PGMonte Morris
73%
SGNickeil Alexander-Walker
73%
PGRajon Rondo
73%
PFAaron Gordon
72%
SGEric Gordon
72%
SGRayjon Tucker
72%
Miami HeatCBam Adebayo
71%
CJaVale McGee
71%
SGJayson Tatum
71%
CJoel Embiid
71%
CJusuf Nurkic
71%
SFP.J. Tucker
71%
PGShai Gilgeous-Alexander
71%
CJonas Valanciunas
70%
PFMichael Porter Jr.
70%
PGKyle Lowry
69%
PGLonzo Ball
69%
CDeandre Ayton
68%
SGDeMar DeRozan
68%
CBrook Lopez
67%
SGBuddy Hield
67%
SFDuncan Robinson
67%
SFGlenn Robinson III
67%
Brooklyn NetsCJarrett Allen
67%
SGJerome Robinson
67%
PGMike Conley
67%
PGPatrick Beverley
67%
PFPaul Millsap
67%
CRobin Lopez
67%
SGGrayson Allen
66%
CMarc Gasol
66%
PGEric Bledsoe
65%
CIvica Zubac
65%
SFKhris Middleton
65%
CNikola Vucevic
65%
PGPatty Mills
65%
SGTyler Herro
65%
SGBogdan Bogdanovic
64%
SFBrandon Ingram
64%
PFPascal Siakam
64%
PGRicky Rubio
64%
SFAlize Johnson
63%
SFB.J. Johnson
63%
SFCameron Johnson
63%
PFDomantas Sabonis
63%
CHassan Whiteside
63%
SFJoe Ingles
63%
SFKeldon Johnson
63%
PFMontrezl Harrell
63%
CMyles Turner
63%
PGSeth Curry
63%
SFStanley Johnson
63%
SGTyler Johnson
63%
SGVictor Oladipo
63%
SFCarmelo Anthony
62%
PGAaron Holiday
61%
CBoban Marjanovic
61%
CEnes Kanter
61%
PGFred VanVleet
61%
PGJrue Holiday
61%
SGJustin Holiday
61%
SFRobert Covington
61%
SGKentavious Caldwell-Pope
60%
CBol Bol
59%
SGCaris LeVert
59%
PGMarcus Smart
59%
SGAlex Caruso
58%
SGAvery Bradley
58%
Philadelphia 76ersSGJosh Richardson
58%
Indiana PacersSFT.J. Warren
58%
CTony Bradley
58%
CAl Horford
56%
PFDaniel Theis
56%
SFDanilo Gallinari
56%
SFDillon Brooks
56%
PGGoran Dragic
56%
SFGordon Hayward
56%
PFJerami Grant
56%
PGJerian Grant
56%
PFKyle Kuzma
56%
PGMalcolm Brogdon
56%
PFMaximilian Kleber
56%
PFSerge Ibaka
56%
SFJae Crowder
55%
SGJ.J. Redick
55%
Sacramento KingsPFMarvin Bagley III
55%
SGLuguentz Dort
53%
PGDennis Schroder
52%
PFDerrick Favors
52%
PGGeorge Hill
52%
SFSolomon Hill
52%
CTacko Fall
52%
SGWill Barton
52%
CMason Plumlee
51%
PFGary Clark
50%
SGKendrick Nunn
50%
SFDerrick Jones Jr.
49%
PFKostas Antetokounmpo
49%
Toronto RaptorsSFO.G. Anunoby
49%
PGTyus Jones
49%
SGGary Trent Jr.
48%
PGJ.J. Barea
48%
SGJosh Hart
48%
SFKelly Oubre Jr.
48%
SFThanasis Antetokounmpo
48%
CTyson Chandler
48%
PFBrandon Clarke
47%
SGEvan Fournier
47%
PFDanuel House Jr.
46%
CJakob Poeltl
46%
Orlando MagicPGD.J. Augustin
45%
SFHarrison Barnes
45%
CThomas Bryant
44%
PGAustin Rivers
43%
PGLandry Shamet
43%
SGDion Waiters
42%
SFAndre Iguodala
41%
PFJonathan Isaac
41%
SFJustin Anderson
41%
SFKyle Anderson
41%
PGMarkelle Fultz
41%
PFZach Collins
41%
CJaxson Hayes
40%
PFKelly Olynyk
40%
PFLance Thomas
40%
SGMatt Thomas
40%
SFRoyce O'Neale
40%
SGAnfernee Simons
39%
SGDonte DiVincenzo
39%
CRichaun Holmes
39%
SGWesley Matthews
39%
CAron Baynes
38%
PGJordan Clarkson
38%
PFRui Hachimura
38%
SGAndre Roberson
37%
PGJevon Carter
36%
CMo Bamba
36%
PGBrad Wanamaker
35%
PGDelon Wright
35%
Los Angeles LakersPGQuinn Cook
35%
PGT.J. McConnell
35%
CTrey Burke
35%
PGCarsen Edwards
34%
SFMikal Bridges
34%
SGTerrance Ferguson
34%
SGTerrence Ross
34%
PFDario Saric
33%
SFDarius Bazley
33%
CNerlens Noel
33%
SFRudy Gay
33%
PFUdonis Haslem
32%
SFJustise Winslow
31%
SGShake Milton
31%
SFJared Dudley
30%
SGKyle Korver
30%
PFChris Boucher
29%
PFErsan Ilyasova
29%
SFTorrey Craig
29%
PGBryn Forbes
28%
SGFurkan Korkmaz
28%
PFPatrick Patterson
28%
SGBen McLemore
27%
SGCourtney Lee
27%
SFDoug McDermott
27%
SGMatisse Thybulle
27%
SGPat Connaughton
27%
PGRaul Neto
27%
PFCheick Diallo
25%
SGHamidou Diallo
25%
CJoakim Noah
25%
SFMoritz Wagner
25%
Boston CelticsSGRomeo Langford
25%
SGAlec Burks
24%
SGDe'Anthony Melton
24%
CAlex Len
22%
Phoenix SunsPGCameron Payne
22%
SGJeremy Lamb
22%
SFMike Scott
22%
SFNemanja Bjelica
22%
SFGeorges Niang
21%
PFJahlil Okafor
21%
SFMalcolm Miller
21%
PGEmmanuel Mudiay
20%
PFFrank Kaminsky III
20%
PFHarry Giles III
20%
SGMarco Belinelli
20%
PFMike Muscala
20%
PFNicolo Melli
20%
SFRondae Hollis-Jefferson
20%
SGTerance Mann
20%
SGTroy Daniels
20%
PFWenyen Gabriel
20%
SGE'Twaun Moore
19%
CGorgui Dieng
19%
PFKyle O'Quinn
19%
SFNassir Little
19%
SFSemi Ojeleye
19%
PFT.J. Leaf
19%
PFTrey Lyles
19%
PGChris Clemons
18%
SFDeMarre Carroll
18%
PFD.J. Wilson
18%
PFJabari Parker
18%
PGJeremiah Martin
18%
SFMario Hezonja
18%
SGTimothe Luwawu-Cabarrot
18%
CGoga Bitadze
17%
PFJames Ennis III
17%
CKhem Birch
17%
PGPatrick McCaw
17%
PFAnthony Tolliver
16%
PGChris Chiozza
16%
Oklahoma City ThunderSGDevon Hall
16%
PFDonta Hall
16%
SGGarrett Temple
16%
SFIsaac Bonga
16%
SFMichael Kidd-Gilchrist
16%
SFRodions Kurucs
16%
PGShabazz Napier
16%
PGYogi Ferrell
16%
SFAbdel Nader
15%
PGCory Joseph
15%
SFKeita Bates-Diop
15%
CVincent Poirier
15%
SGYuta Watanabe
15%
SFDeonte Burton
14%
SGElie Okobo
14%
SGKyle Guy
14%
PFNoah Vonleh
14%
CTyler Zeller
14%
SFWesley Iwundu
14%
SFBruno Caboclo
13%
CIan Mahinmi
13%
Los Angeles ClippersSGRodney McGruder
13%
SGDzanan Musa
12%
SGGarrison Mathews
12%
SGJohn Konchar
12%
PFLuka Samanic
12%
SFVlatko Cancar
12%
PFChris Silva
11%
SFJaKarr Sampson
11%
SGMelvin Frazier Jr.
11%
SGMichael Frazier
11%
PGTy Jerome
11%
PFDrew Eubanks
10%
PGEdmond Sumner
10%
SGKent Bazemore
10%
SFLuc Mbah A Moute
10%
SGMiye Oni
10%
PGNigel Williams-Goss
10%
PFNorvel Pelle
10%
SFOshae Brissett
10%
SGAmir Coffey
9%
Utah JazzPFJarrell Brantley
9%
SFK.Z. Okpala
9%
Portland Trail BlazersSFJaylen Hoard
8%
SFJuwan Morgan
8%
SGAdmiral Schofield
7%
PFChimezie Metu
7%
SFCorey Brewer
7%
PGJalen Lecque
6%
SGSindarius Thornwell
6%
PGAntonius Cleveland
5%
San Antonio SpursSGQuindary Weatherspoon
5%
CAnzejs Pasecniks
4%
PFJarrod Uthoff
4%
PGFrank Mason
3%
SFTalen Horton-Tucker
3%
PGTremont Waters
3%
SGPaul Watson
2%
SGBrian Bowen II
1%
SGDaQuan Jeffries
1%
CDewan Hernandez
1%
PGGabe Vincent
1%
PFJontay Porter
1%
SFJosh Reaves
1%
PGJustin Wright-Foreman
1%
PFKevin Hervey
1%
PFKyle Alexander
1%
SGMarko Guduric
1%
PGNaz Mitrou-Long
1%
SGP.J. Dozier
1%
PFTyler Cook
1%
SFVic Law
1%
SFZylan Cheatham
1%
SFMarial Shaykol
0%

Score Distribution

Percentile by Number Answered

Percent of People with Each Score

Your Score History

You have not taken this quiz